书目信息 |
| 书名: | Creating their own image | |
| 作者: | Lisa E. Farrington. | |
| 分册号: | ||
| 分册名: | 出版地: | Oxford ; |
|
| 出版社: | Oxford University Press | |
| 出版时间: | 2005. | |
| 页数: | 354 p. : | |
| 开本: | 29 cm. | |
| 丛书名: | ||
| 中图分类号: | ||
| 科图分类号: | ||
| 其他分类号: | J03 | |
| 主题词: | ||
| 电子资源: | http://www.loc.gov/catdir/enhancements/fy0615/2003066171-d.html | |
| 000 | 01177cam a22002894a 450 | |
| 001 | E0759096644 | |
| 005 | 20070314163301.14 | |
| 008 | 030925s2005 enka b 001 0 eng | |
| 010 | @a2003066171 | |
| 020 | @a019516721X (acid-free paper). | |
| 040 | @aDLC@cDLC@dDLC | |
| 042 | @apcc | |
| 043 | @an-us--- | |
| 050 | 00 | @aN6538.N5@bF27 2005 |
| 082 | 00 | @a704/.042/08996073@2 22 |
| 090 | @aJ03 | |
| 099 | @dJ03@ex3 | |
| 100 | 1 | @aFarrington, Lisa E. |
| 245 | 10 | @aCreating their own image :@bthe history of African-American women artists / @cLisa E. Farrington. |
| 260 | @aOxford ;@aNew York :@bOxford University Press,@c2005. | |
| 300 | @a354 p. :@bill. (chiefly col.) ;@c29 cm. | |
| 650 | 0 | @aAfrican American art. |
| 650 | 0 | @aAfrican American women artists. |
| 856 | 42 | @3 Publisher description@uhttp://www.loc.gov/catdir/enhancements/fy0615/2003066171-d.html |
| 906 | @a7@bcbc@corignew@d1@eocip@f20@gy-gencatlg | |
| 925 | 0 | @aacquire@b2 shelf copies@xpolicy default |
| 955 | @apc16 2003-09-25 to HLCD@ijk15 2003-09-30/jh34@ejg07 2003-10-02 to Dewey@aaa05 2003-10-03@aps13 2005-02-02 1 copy rec’d., to CIP ver.@fjh09 2005-02-28@gjh09 c. 1 to BCCD 2005-02-28 | |
| Creating their own image : : the history of African-American women artists / / Lisa E. Farrington.-Oxford ; ; New York : : Oxford University Press, , 2005. |
| 354 p. : : ill. (chiefly col.) ; ; 29 cm. |
| ISBN 019516721X (acid-free paper). |
| ● |
| 相关链接 |
|
|
|
|
正题名:Creating their own image
索取号:J03/x3
 
预约/预借
| 序号 | 登录号 | 条形码 | 馆藏地/架位号 | 状态 | 备注 |
| 1 | 0001854 | 300018549 | 第二样本阅览室/ [索取号:J03/x3] | 在馆 |